| 000 | 00378nam a2200157Ia 4500 | ||
|---|---|---|---|
| 008 | 230917s9999||||xx |||||||||||||| ||und|| | ||
| 040 |
_e123245 _aMAIN |
||
| 041 | _aEnglish | ||
| 082 | _a658.5 H366O | ||
| 100 | _aHeizer, Jay | ||
| 245 | 0 | _aOperations Management | |
| 250 | _a8th ed. | ||
| 260 |
_aNew Delhi _bPearson Education _c2008 |
||
| 300 | _a806 p. + p | ||
| 942 | _cBK | ||
| 999 |
_c147988 _d147988 |
||